| 000 | 00861cab a2200229 4500 | ||
|---|---|---|---|
| 001 | WB2947-29 | ||
| 008 | 090401t1993 xxu||||| |||| 00| 0 eng d | ||
| 035 | _a(Sirsi) u5440 | ||
| 041 | _aeng | ||
| 245 | _aPolicy test | ||
| 260 | _c1993 | ||
| 350 | _a0 | ||
| 490 |
_aEstates Gazette Case Summaries _v1993 EGCS 203 (11/12/93) |
||
| 520 | _a"J Sainsbury plc v SoS Environment and another" CA 29 November 1993 overturned a High Court ruling which dismissed an inspector`s refusal to grant outline planning permission for an out-of-town superstore in accordance with PPG6. CA reinstated Inspector`s decision. Appeal allowed. | ||
| 650 | _aOUT-OF-TOWN | ||
| 650 | _aOUTLINE PLANNING PERMISSION | ||
| 650 | _aPLANNING POLICY GUIDANCE NOTE SIX | ||
| 650 | _aSUPERSTORE | ||
| 690 | _aPLANNING LAW AND PRACTICE-CASE LAW | ||
| 942 | _n0 | ||
| 948 | _c04/03/1997 | ||
| 999 |
_c3237 _d3237 |
||